I will fear no evil / (Record no. 5875)

MARC details
000 -LEADER
fixed length control field 00670cam a2200229 4500
001 - CONTROL NUMBER
control field 4109661
003 - CONTROL NUMBER IDENTIFIER
control field GBCCL
005 - DATE AND TIME OF LATEST TRANSACTION
control field 20241126110551.0
008 - FIXED-LENGTH DATA ELEMENTS--GENERAL INFORMATION
fixed length control field 701016s1970 nyu 000 1 eng
010 ## -
-- 75126443
040 ## - CATALOGING SOURCE
Original cataloging agency DLC
Transcribing agency DLC
Modifying agency DLC
050 00 -
-- PZ3.H364
-- Iad
-- PS3515.E288
082 00 - DEWEY DECIMAL CLASSIFICATION NUMBER
Classification number 813.54
Item number HEI
100 1# - MAIN ENTRY--PERSONAL NAME
Personal name Heinlein, Robert A.
Fuller form of name (Robert Anson),
Dates associated with a name 1907-1988.
9 (RLIN) 10627
245 10 - TITLE STATEMENT
Title I will fear no evil /
Statement of responsibility, etc. Robert A. Heinlein.
260 ## - PUBLICATION, DISTRIBUTION, ETC.
Place of publication, distribution, etc. New York:
Name of publisher, distributor, etc. G. P. Putnam's Sons,
Date of publication, distribution, etc. 1970
300 ## - PHYSICAL DESCRIPTION
Extent 401 p.
Dimensions 22 cm.
350 ## - PRICE (NR) (BK AM CF MU VM SE) [OBSOLETE]
Price 6.95
650 ## - SUBJECT ADDED ENTRY--TOPICAL TERM
Topical term or geographic name entry element Fiction
Form subdivision Science
General subdivision General
9 (RLIN) 10628
906 ## - LOCAL DATA ELEMENT F, LDF (RLIN)
a 7
b cbc
c orignew
d 2
e ncip
f 19
g y-gencatlg
942 ## - ADDED ENTRY ELEMENTS (KOHA)
Source of classification or shelving scheme Dewey Decimal Classification
Koha item type Books
Holdings
Withdrawn status Lost status Source of classification or shelving scheme Damaged status Not for loan Home library Current Library Shelving location Date acquired Total checkouts Full call number Barcode Date last seen Copy number Price effective from Koha item type
    Dewey Decimal Classification     GRACE BIBLE COLLEGE GRACE BIBLE COLLEGE General Studies 2018-04-12   813.54 HEI 002342 2025-05-01 c.1 2018-04-12 Books
© Grace Bible College Library 2025